Fútbol: La construcción de un modelo de juego.
Saved in:
| Main Authors: | , |
|---|---|
| 格式: | 圖書 |
| 語言: | 西班牙语 |
| 出版: |
Barcelona, España:
Paidotribo,
2015.
|
| 版: | 1a. edición. |
| 主題: | |
| 標簽: |
添加標簽
沒有標簽, 成為第一個標記此記錄!
|
MARC
| LEADER | 00000cam a2200000 a 4500 | ||
|---|---|---|---|
| 001 | UCC2209 | ||
| 003 | CL-VaPUC | ||
| 005 | 20240819161749.0 | ||
| 008 | 180114t20150000sp |||||||||||||||||spa|d | ||
| 020 | |a 9788499105116 | ||
| 040 | |c Pontificia Universidad Católica de Valparaíso | ||
| 082 | 0 | 7 | |a 796.334 MON 2015 |2 22 |
| 100 | |a Monteleone, Marco |e autor |9 254786 | ||
| 245 | 1 | 0 | |a Fútbol: |b La construcción de un modelo de juego. |
| 250 | |a 1a. edición. | ||
| 260 | |a Barcelona, España: |b Paidotribo, |c 2015. | ||
| 300 | |a 191 páginas. | ||
| 583 | |a last modification |c 20180114 20:51:00 |k Rodrigo Vera | ||
| 650 | 0 | |a Fútbol |9 307513 | |
| 650 | 0 | |a Entrenamiento de futbol |2 CL-VaPUC |9 309841 | |
| 700 | 0 | |a Ortega Jiménez, Miguel Angel |e author |9 254787 | |
| 942 | |c BK |2 ddc | ||
| 945 | |d 20180114 20:51:00 |a dcastane | ||
| 999 | |c 370448 |d 370446 | ||
| 952 | |0 0 |1 0 |3 erb |4 0 |6 796_334000000000000_MON_2015 |7 0 |8 A |9 486940 |a BIBEDU |b BIBEDU |i 5447844 |l 1 |o 796.334 MON 2015 |p 5447844 |r 2024-03-12 |s 2024-03-12 |w 2019-11-24 |y BK |z Catalogado en:20180114 |k EFI | ||